• 首页
  • 本馆介绍
  • 公告通知
  • 最新文献
  • 馆藏检索
  • 电子资源
  • 读者导购
  • 参考咨询
  • 我的图书馆
  • 登录
  • 详细信息显示
  • 放入我的书架
  • 预约/预借图书
  • 作者相关作品
  • 分类相关作品
  • 丛书相关作品
  • 出版社相关作品

书目信息

  • 表格格式
  • 工作单格式
  • 卡片格式
题名:
持续发展途径的经济学分析
    
 
作者: 潘家华 著
分册:  
出版信息: 北京   中国人民大学出版社  1997
页数: 10,494页
开本: 20cm
丛书名: 经济科学文库
单 册:
中图分类: F201
科图分类:
主题词: 持续性 , 经济发展 , 持续性--经济发展
电子资源:
ISBN: 7-300-02274-X
000 00947nam0 2200289 450
000 00960nam0 2200289 450
000 00893nam0 2200265 450
000 00857oam2 2200253 45
005 20070610102214.09
010    @a7-300-02274-X@dCNY39.00
100    @a20070608d1997 em y0chiy0120 ea
101 0  @achi
102    @aCN@b110000
105    @ay z 000yy
200 1  @a持续发展途径的经济学分析@AChi Xu Fa Zhan Tu Jing De Jing Ji Xue Fen Xi@f潘家华著@FPan Jia Hua Zhu
210    @a北京@c中国人民大学出版社@d1997
215    @a10,494页@d20cm
225 2  @a经济科学文库
330    @a本书包括:环境与资源的价值原理、持续发展主要途径的经济学分析、持续发展的市场调控与多目标协同、环境淘汰配置案例解析等内容。
410  0 @12001 @a经济科学文库
606 0  @a持续性
606 0  @a经济发展
606 0  @a持续性@x经济发展
690    @aF201@v4
701  0 @a潘家华@APan Jia Hua@4著
801  0 @aCN@bTAOJIN@c20070610
905    @a10447@dF201@e61
    
    持续发展途径的经济学分析/潘家华著.-北京:中国人民大学出版社,1997
    10,494页;20cm.-(经济科学文库 )
    
    
    ISBN 7-300-02274-X:CNY39.00
    本书包括:环境与资源的价值原理、持续发展主要途径的经济学分析、持续发展的市场调控与多目标协同、环境淘汰配置案例解析等内容。
●
相关链接 在E读中查询图书 在五车中查询图书 在当当中查询图书 在豆瓣中查询图书


正题名:持续发展途径的经济学分析     索取号:F201/61         预约/预借

序号 登录号 条形码 馆藏地/架位号 状态 备注
1 0527710   205277109   第一样本阅览室/ [索取号:F201/61] 在馆    
2 0527711   205277118   密集书库/ [索取号:F201/61] 在馆    
3 0527712   205277127   密集书库/ [索取号:F201/61] 在馆    
4 0527713   205277136   密集书库/ [索取号:F201/61] 在馆    
5 0527714   205277145   第一借阅区/ [索取号:F201/61] 在馆    
6 0527715   205277154   第一借阅区/ [索取号:F201/61] 在馆    
7 0527716   205277163   第一借阅区/ [索取号:F201/61] 在馆    
8 0527717   205277172   第一借阅区/ [索取号:F201/61] 在馆    
唐山师范学院图书馆 欢迎您!
大连网信软件有限公司© 版权所有